000
00359nam a2200133Ia 4500
008
151001s9999||||xx |||||||||||||| ||und||
100
_a
गो. ना. दातार
245
_a
प्रवालद्वीप
250
_a
4
260
_b
दामोदर सावळाराम धंदे
260
_c
1964
300
_a
592
365
_b
18
999
_c
958723
_d
958720